Cuento contigo: cuentos, relatos y poemas

Guardat en:
Dades bibliogràfiques
Autor principal: Fontaine C., Loreto (Autor)
Format: Llibre
Idioma:espanyol
Publicat: Santiago Centro de Estudios Públicos 2004
Edició:1a. ed
Col·lecció:Colección Cuento Contigo
Matèries:
Etiquetes: Afegir etiqueta
Sense etiquetes, Sigues el primer a etiquetar aquest registre!

MARC

LEADER 00000nam a2200000 a 4500
001 UCL7881
003 CL-VaPUC
008 040604e20040000CL |||||||||||||||||spa|d
020 |a 9567015000 
020 |a 956701535Xv.2 
020 |a 9567015376v.4 
020 |a 9567015384v.5 
082 0 4 |a 808.0683  |b FON  |2 21 
100 0 |a Fontaine C., Loreto  |e author  |9 485830 
245 1 0 |a Cuento contigo: cuentos, relatos y poemas 
250 |a 1a. ed 
300 |a v 
942 |c BK 
945 |d 20040604 00:00:00  |a cmena 
260 |a Santiago  |b Centro de Estudios Públicos  |c 2004 
500 |a v.2: A partir de 8 años 
500 |a v.4: A partir de 12 años 
500 |a v.5: A partir de 14 años 
650 0 |a Literatura infantil   |9 307465 
650 0 |a Literatura juvenil   |9 309909 
583 |a last modification  |c 20040604 00:00:00  |k Rodrigo Vera 
490 0 |a Colección Cuento Contigo 
999 |c 309438  |d 309436 
952 |0 0  |1 0  |4 0  |6 808_068300000000000_FON_2004  |7 0  |8 A  |9 376877  |a BIBEDU  |b BIBEDU  |d 2019-11-21  |h v.2  |i 4023234  |o 808.0683 FON 2004  |p 4023234  |r 2019-11-21  |w 2019-11-21  |y BK  |k PAR 
952 |0 0  |1 0  |4 0  |6 808_068300000000000_FON_2004  |7 0  |8 A  |9 376878  |a BIBEDU  |b BIBEDU  |d 2019-11-21  |h v.4  |i 4023242  |o 808.0683 FON 2004  |p 4023242  |r 2019-11-21  |w 2019-11-21  |y BK  |k PAR 
952 |0 0  |1 0  |4 0  |6 808_068300000000000_FON_2004  |7 0  |8 A  |9 376879  |a BIBEDU  |b BIBEDU  |d 2019-11-21  |h v.5  |i 4023250  |o 808.0683 FON 2004  |p 4023250  |r 2019-11-21  |w 2019-11-21  |y BK  |k PAR